• 首页
  • 本馆介绍
  • 公告通知
  • 最新文献
  • 馆藏检索
  • 电子资源
  • 读者导购
  • 参考咨询
  • 我的图书馆
  • 登录
  • 详细信息显示
  • 放入我的书架
  • 预约/预借图书
  • 作者相关作品
  • 分类相关作品
  • 丛书相关作品
  • 出版社相关作品

书目信息

  • 表格格式
  • 工作单格式
  • 卡片格式
题名:
妇女与性别史研究
    
 
作者: 裔昭印 主编
分册: 第二辑  
出版信息: 上海   上海三联书店  2018
页数: 279页
开本: 24cm
丛书名:
单 册:
中图分类: D441.9
科图分类:
主题词: 妇女史学--Fu Nv Shi Xue--研究
电子资源:
ISBN: 978-7-5426-6135-7
000 01246nam 2200241 450
001 012001007497
005 20191028165004.64
010    @a978-7-5426-6135-7@dCNY48.00
099    @aCAL 012018082048
100    @a20180702d2018 em y0chiy50 ea
101 0  @achi
102    @aCN@b310000
105    @ay a 000yy
106    @ar
200 1  @a妇女与性别史研究@AFu Nv Yu Xing Bie Shi Yan Jiu@h第二辑@f裔昭印主编
210    @a上海@c上海三联书店@d2018
215    @a279页@d24cm
330    @a社会性别概念深刻地揭示了男女两性不平等的社会文化根源,它是历史分析不可或缺的重要范畴。正如性别平等的实现需要男女两性的共同奋斗一样,妇女史研究离不开对历史上性别关系的探索和男女两性历史学家的携手努力,因此,在研究妇女史的同时,我们必须考察人类性别关系发展的历程,尝试撰写包括男女两性历史经验在内的全新的人类发展史。《妇女与性别史研究》第二辑,希图打造一方小小平台,一则用以反映当今世界女性和性别关系的现状,为创建和谐的两性伙伴关系尽绵薄之力;二则供国内外从事妇女与性别研究的专家学者阐释古今中外女性或性别关系的演变及其研究状况,促进妇女与性别史研究领域的国际学术交流和对话。
606 0  @a妇女史学@AFu Nv Shi Xue@x研究
690    @aD441.9@v5
701  0 @a裔昭印@AYi Zhao Yin@4主编
801  2 @aCN@b上海新华@c20191020
905    @b1176925-8@dD441.9@e38:2@f4
    
    妇女与性别史研究.第二辑/裔昭印主编.-上海:上海三联书店,2018
    279页;24cm
    
    
    ISBN 978-7-5426-6135-7:CNY48.00
    社会性别概念深刻地揭示了男女两性不平等的社会文化根源,它是历史分析不可或缺的重要范畴。正如性别平等的实现需要男女两性的共同奋斗一样,妇女史研究离不开对历史上性别关系的探索和男女两性历史学家的携手努力,因此,在研究妇女史的同时,我们必须考察人类性别关系发展的历程,尝试撰写包括男女两性历史经验在内的全新的人类发展史。《妇女与性别史研究》第二辑,希图打造一方小小平台,一则用以反映当今世界女性和性别关系的现状,为创建和谐的两性伙伴关系尽绵薄之力;二则供国内外从事妇女与性别研究的专家学者阐释古今中外女性或性别关系的演变及其研究状况,促进妇女与性别史研究领域的国际学术交流和对话。
●
相关链接 在E读中查询图书 在五车中查询图书 在当当中查询图书 在豆瓣中查询图书


正题名:妇女与性别史研究     索取号:D441.9/38:2         预约/预借

序号 登录号 条形码 馆藏地/架位号 状态 备注
1 1176925   211769255   第一样本阅览室/ [索取号:D441.9/38:2] 在馆    
2 1176926   211769264   第一借阅区/ [索取号:D441.9/38:2] 在馆    
3 1176927   211769273   第一借阅区/ [索取号:D441.9/38:2] 在馆    
4 1176928   211769282   第一借阅区/ [索取号:D441.9/38:2] 在馆    
唐山师范学院图书馆 欢迎您!
大连网信软件有限公司© 版权所有